000 00505nam a2200181Ia 4500
005 20250326124441.0
008 250326s9999 xx 000 0 und d
037 _aTextbook
040 _aFMSL
_beng
_cFMSL
041 _aeng
_2eng
084 _aX:77(F).IX L3
_qFMSL
100 _aCooper C
_9737415
245 0 _aScience, technology and development
_cCooper C
260 _aLondon
_bLondon, Frank Cass
_c1973
300 _a199p
942 _cTB
_hX:77(F).IX L3
999 _c1273750
_d1273750